Pokémon - Les attaques de Ponyta - Statistiques

Statistiques générales
  • Ce quiz a été pris 19 fois
  • Le résultat moyen est 9 sur 13
Statistiques - réponses
Niveaux Types Noms des attaques % Correct
Départ Normal Charge
100%
Niveau 10 Feu Flammèche
86%
Niveau 15 Feu Nitrocharge
79%
Niveau 55 Feu Boutefeu
71%
Niveau 5 Normal Mimi-Queue
64%
Niveau 25 Feu Roue de Feu
64%
Départ Normal Rugissement
64%
Niveau 41 Normal Bélier
57%
Niveau 35 Feu Danse Flammes
57%
Niveau 50 Feu Déflagration
57%
Niveau 30 Normal Écrasement
57%
Niveau 20 Psy Hâte
57%
Niveau 45 Feu Feu d'Enfer
43%
Aucun quiz correspondant
Distribution des résultats
% des personnes avec chaque résultat
Percentile par nombre de réponses
Votre historique - résultats
Vous n’avez pas pris ce quiz